| Поле | Инд. | ПП | Название | Значение |
|---|---|---|---|---|
| Тип записи | a | |||
| Библиографический уровень | b | |||
| 001 | Контрольный номер | RU/IS/BASE/264552963 | ||
| 005 | Дата корректировки | 20230526162942.0 | ||
| 008 | Кодируемые данные | 19951209 | ||
| 084 | a | Индекс другой классификации/Индекс ББК | 81.416.0-1-2 | |
| 097 | 00 | a | 750 | |
| 100 | 10 | a | Автор | Шевелева М. Н. |
| 245 | 00 | a | Заглавие | Новые данные церковнославянских рукописей о рефлексах сочетаний редуцированных с плавными и развитии "второго полногласия" |
| 504 | 00 | a | Библиография | Библиогр.: с. 92 - 93 |
| 650 | 04 | a | Основная рубрика | грамматика |
| a | Основная рубрика | филологические науки | ||
| a | Основная рубрика | фонетика | ||
| a | Основная рубрика | частное языкознание | ||
| a | Основная рубрика | языкознание | ||
| 653 | 00 | a | Ключевые слова | историческая грамматика |
| a | Ключевые слова | история языка | ||
| a | Ключевые слова | полногласие | ||
| a | Ключевые слова | редуцированные гласные | ||
| a | Ключевые слова | славянские языки | ||
| a | Ключевые слова | старославянский язык | ||
| a | Ключевые слова | церковнославянский язык | ||
| a | Ключевые слова | южнославянские языки | ||
| 773 | 00 | t | Заглавие источника | Вопросы языкознания |
| d | Дата издания источника | 1995 | ||
| g | Прочая информация | № 4. - С. 78 - 93 | ||
| w | Контрольный № источника | RU/IS/BASE/134584334 | ||
| 901 | t | Тип документа | b |